Yer Gece Dinlenir (Record no. 193)

000 -LEADER
fixed length control field 00452nam a22001697a 4500
008 - FIXED-LENGTH DATA ELEMENTS--GENERAL INFORMATION
fixed length control field 170612b xxu||||| |||| 00| p tur d
020 ## - INTERNATIONAL STANDARD BOOK NUMBER
International Standard Book Number 9759056089
041 ## - LANGUAGE CODE
Language code of text/sound track or separate title Türkçe
100 ## - MAIN ENTRY--PERSONAL NAME
9 (RLIN) 256
Personal name Yavuz Özdem
245 ## - TITLE STATEMENT
Title Yer Gece Dinlenir
Statement of responsibility, etc. Yavuz Özdem
250 ## - EDITION STATEMENT
Edition statement 1. baskı
260 ## - PUBLICATION, DISTRIBUTION, ETC.
Place of publication, distribution, etc. İstanbul
Name of publisher, distributor, etc. Digraf Yayıncılık, Şiirden
Date of publication, distribution, etc. Haziran 2005
300 ## - PHYSICAL DESCRIPTION
Extent 72 sayfa
500 ## - GENERAL NOTE
General note 2 adet mevcuttur.
650 #0 - SUBJECT ADDED ENTRY--TOPICAL TERM
9 (RLIN) 145
Topical term or geographic name entry element Türk Edebiyatı
942 ## - ADDED ENTRY ELEMENTS (KOHA)
Source of classification or shelving scheme
Koha item type Books
Holdings
Withdrawn status Lost status Source of classification or shelving scheme Damaged status Not for loan Permanent Location Current Location Shelving location Date acquired Barcode Date last seen Price effective from Koha item type
        Ödünç verilemez İmren Ahmet Tüzün Kütüphanesi İmren Ahmet Tüzün Kütüphanesi Ahmet Tüzün 2017-06-12 100100000187 2017-06-12 2017-06-12 Books

This software was implemented, installed and managed by Devinim Software Training Consulting .